| 000 | 00541nam a2200217Ia 4500 | ||
|---|---|---|---|
| 003 | OSt | ||
| 005 | 20220920142717.0 | ||
| 008 | 210210b2010 xxu||||| |||| 00| 0 eng d | ||
| 020 | _a9788184889345 | ||
| 040 | _cAL | ||
| 041 | _aeng | ||
| 082 | _a658.15 SRIF | ||
| 100 |
_aSRIVASTAVA (R M) _958012 |
||
| 245 | _aFinancial management: global perspective | ||
| 250 | _a4 Rev | ||
| 260 |
_aMumbai _bHimalaya Publishing House _c2010 |
||
| 300 | _axiv,688 | ||
| 690 |
_aFinancial Management _958013 |
||
| 906 | _a072492 | ||
| 942 |
_2ddc _cBK |
||
| 999 |
_c122336 _d122336 |
||